000 00317nam a22001217a 4500
008 140422b xxu||||| |||| 00| 0 eng d
020 _a3527305416
_cAvailable
082 _a572.8SEN
100 _aChritoph W Sensen
245 _aEssentials of Genomics & Bioinformatics
260 _aGermany
_bWiley-VCH
_c2002
942 _cBK
999 _c23210
_d23210